Easy Sudoku with Whammies #2 - Statistics

General Stats
  • This quiz has been taken 465 times
  • The average score is 35 of 52
Answer Stats
Answer % Correct
1
90%
1
86%
7
86%
5
79%
5
79%
6
79%
6
79%
9
76%
6
75%
7
75%
9
75%
1
74%
7
74%
1
72%
8
72%
3
71%
4
71%
8
71%
2
70%
9
70%
2
69%
9
69%
3
68%
6
68%
7
68%
4
67%
2
66%
6
66%
4
63%
4
62%
5
62%
2
61%
2
61%
4
60%
4
60%
9
60%
9
60%
3
59%
3
59%
8
59%
8
59%
2
58%
3
58%
5
58%
5
58%
3
57%
8
56%
8
56%
3
55%
5
55%
3
53%
3
53%
No matching quizzes found
Score Distribution
Percent of People with Each Score
Percentile by Number Answered
Your Score History
You have not taken this quiz